| 000 | 00624nam a2200193Ia 4500 | ||
|---|---|---|---|
| 005 | 20260407103030.0 | ||
| 008 | 160330s9999||||xx |||||||||||||| ||und|| | ||
| 020 | _a9780470037782 | ||
| 040 | _aCentral Library-NITS | ||
| 041 | _aEnglish | ||
| 100 | _aGalambos, Theodore V. | ||
| 245 |
_aStructural stability of steel: _bconcepts and applications for structural engineers _cby Theodore V. Galambos and Andrea E. Surovek |
||
| 260 |
_aNew Jersey _bWiley _c2008 |
||
| 300 |
_ax,373p.:ill. _c21cm. |
||
| 365 |
_b156.95(₹5492.00) _c$ |
||
| 500 | _aIncludes index | ||
| 700 |
_4Auth. _aSurovek, Andrea E. |
||
| 942 | _cBK | ||
| 999 |
_c32352 _d32352 |
||